000
00303nam a22001337a 4500
008
171124b xxu||||| |||| 00| 0 eng d
020
_a
9780275971205
041
_a
eng
080
_a
32
100
_a
21
101
_a
POL
245
_a
THE 2000 PRESIDENTIAL CAMPAING
_c
ROBER.E.D
942
_2
udc
_c
BK
999
_c
38514
_d
38514